00699nam a22002057a 450000500170000001000150001702000260003203500140005803700090007208200080008110000240008924500570011326000500017027000620022030000220028250000230030494200220032799900190034995201250036820250617144338.0 aENG-145421 a9788128835995c237.00 aEN-128953 bDBAD a921 ak C Mahendra982133 aBaba Ramdev:bResurgence of New India/cK C Mahendra aNEW Delhi bDiamond Pocket Book Pvt Ltdc2011 aX-30, Okhla Industrial Area, Phsae iibNew Delhi e110020 a403p.c22cm. (hb) aFreedom Movement-2 2ddccENh921mMAH c211869d211869 001040708NFICaZLSbZLSd2025-06-17eDBADg237.00l0o921 MAHpEN-128953r2025-06-17 00:00:00v237.00w2025-06-17yEN